Smerovanie aktivít v ďalšom rozvoji bývania
Koncepcia štátnej bytovej politiky do roku 2000. Ciele bytovej politiky na Slovensku. Oživenie bytovej výstavby. Pozitívne trendy ako výsledok systémových opatrení v oblasti bytovej výstavby. Aktivity v oblasti bývania.
Enregistré dans:
| Auteur principal: | |
|---|---|
| Format: | Chapitre de livre |
| Langue: | slovaque |
| Sujets: | |
| Tags: |
Pas de tags, Soyez le premier à ajouter un tag!
|
MARC
| LEADER | 00000naa a2200000 4500 | ||
|---|---|---|---|
| 001 | r033535 | ||
| 005 | 20230424130017.4 | ||
| 041 | 0 | |a slo | |
| 044 | |a SK | ||
| 245 | 1 | 0 | |a Smerovanie aktivít v ďalšom rozvoji bývania |c Ján Závodný |
| 520 | |a Koncepcia štátnej bytovej politiky do roku 2000. Ciele bytovej politiky na Slovensku. Oživenie bytovej výstavby. Pozitívne trendy ako výsledok systémových opatrení v oblasti bytovej výstavby. Aktivity v oblasti bývania. | ||
| 610 | 2 | 0 | |a výstavba bytová |
| 610 | 2 | 0 | |a bývanie |
| 610 | 2 | 0 | |a koncepcie |
| 610 | 2 | 0 | |a 2000 |
| 610 | 2 | 0 | |a Slovensko |
| 610 | 2 | 0 | |a politika bytová |
| 610 | 2 | 0 | |a opatrenia |
| 610 | 2 | 0 | |a nástroje ekonomické |
| 610 | 2 | 0 | |a štát |
| 100 | 1 | |a Závodný, Ján | |